00392 2200157 4500245005000000020002200050250001100072100001600083650001700099005001900116260004100135041001400176084001000190300002500200336000900225 aEpisode yang Sempat HilangcDesti annorhText a978-623-00-3337-7 aCet. 1 aDesti annor aAkhlak Mulia a20241009110953 aJakartabElex Media Komputindoc2022 aIndonesia a297.5 ax, 198 hlm. :cilus. atext